000 00283 a2200145 4500
001 162909
020 _a
040 _cMagnum
100 _a-
240 1 0 _aAladino/everest
_lESP
245 1 0 _aAladino/everest
362 0 _a1899
697 _aLITERATURA ESTRANGEIRA
942 _cBK
999 _c162909
_d162909